| 000 | 01392nam a2200349Ia 4500 | ||
|---|---|---|---|
| 001 | ebr10150160 | ||
| 003 | CaPaEBR | ||
| 006 | m u | ||
| 007 | cr cn||||||||| | ||
| 008 | 060612s2007 dcua sb i001 0 eng d | ||
| 010 | _z 2006047623 | ||
| 020 | _z0821366769 | ||
| 020 | _z0821366777 | ||
| 020 | _z9780821366769 | ||
| 040 |
_aCaPaEBR _cCaPaEBR |
||
| 035 | _a(OCoLC)320323108 | ||
| 050 | 1 | 4 |
_aHC130.C3 _bF39 2007eb |
| 082 | 0 | 4 |
_a338.098 _222 |
| 100 | 1 | _aFay, Marianne. | |
| 245 | 1 | 0 |
_aInfrastructure in Latin America and the Caribbean _h[electronic resource] : _brecent developments and key challenges / _cMarianne Fay, Mary Morrison. |
| 260 |
_aWashington, DC : _bWorld Bank, _cc2007. |
||
| 300 |
_axiii, 130 p. : _bill. |
||
| 490 | 0 | _aDirections in development. Infrastructure | |
| 504 | _aIncludes bibliographical references and index. | ||
| 533 |
_aElectronic reproduction. _bPalo Alto, Calif. : _cebrary, _d2009. _nAvailable via World Wide Web. _nAccess may be limited to ebrary affiliated libraries. |
||
| 650 | 0 |
_aInfrastructure (Economics) _zCaribbean Area. |
|
| 650 | 0 |
_aInfrastructure (Economics) _zLatin America. |
|
| 655 | 7 |
_aElectronic books. _2local |
|
| 700 | 1 |
_aMorrison, Mary, _d1972- |
|
| 710 | 2 | _aebrary, Inc. | |
| 856 | 4 | 0 |
_uhttp://site.ebrary.com/lib/rucke/Doc?id=10150160 _zAn electronic book accessible through the World Wide Web; click to view |
| 999 |
_c202784 _d202784 |
||